[Event "Lancaster Open 2nd"]
[Site "Lancaster"]
[Date "2024.08.10"]
[Round "2.12"]
[White "Mcmenamin, Danny"]
[Black "Hariharan, Shambavi"]
[Result "0-1"]
[WhiteElo "1943"]
[BlackElo "1859"]
[PlyCount "112"]
[EventDate "2024.08.09"]
[EventType "swiss"]
[EventRounds "5"]
[EventCountry "ENG"]
[SourceTitle "BritBase"]
[Source "John Saunders"]
[SourceDate "2024.08.31"]
[SourceVersion "1"]
[SourceVersionDate "2024.08.25"]
[SourceQuality "1"]

1. e4 e5 2. Nf3 Nc6 3. Bb5 a6 4. Ba4 Nf6 5. O-O Nxe4 6. d4 b5 7. Bb3 d5 8. dxe5 Be6 9. a4 Nc5 10. c3 Nxb3 11. Qxb3 Rb8 12. Qc2 Be7 13. Be3 O-O 14. Nbd2 f6 15. axb5 axb5 16. exf6 Bxf6 17. Rad1 Bg4 18. h3 Bh5 19. Qf5 Be8 20. Ne4 Ne7 21. Qe6+ Kh8 22. Nc5 Qc8 23. Ne5 c6 24. Bd4 Nf5 25. Qxc8 Rxc8 26. Ncd7 Bxd7 27. Nxd7 Rf7 28. Nxf6 Nxd4 29. Rxd4 Rxf6 30. Re1 Kg8 31. Rd2 Kf7 32. Rde2 Rc7 33. b4 Rd6 34. f3 Rcd7 35. Rd1 Re6 36. Kf2 Rxe2+ 37. Kxe2 Ke6 38. Ke3 Ra7 39. Rd2 Kd6 40. Kd4 Ra4 41. Ke3 c5 42. Rb2 Ra3 43. bxc5+ Kxc5 44. Kd2 Ra4 45. Ke3 Kc4 46. Kd2 d4 47. cxd4 Kxd4 48. Rxb5 Ra2+ 49. Ke1 Rxg2 50. Rb7 Ke3 51. Re7+ Kxf3 52. Rf7+ Ke4 53. Kf1 Rg6 54. Ke2 h6 55. h4 Rg4 56. h5 Ke5 0-1

[Event "Lancaster Open 2nd"]
[Site "Lancaster"]
[Date "2024.08.10"]
[Round "3.1"]
[White "Jakhria, Kushal"]
[Black "Boswell, Jacob Connor"]
[Result "1/2-1/2"]
[WhiteElo "2193"]
[BlackElo "2324"]
[PlyCount "55"]
[EventDate "2024.08.09"]
[EventType "swiss"]
[EventRounds "5"]
[EventCountry "ENG"]
[SourceTitle "BritBase"]
[Source "John Saunders"]
[SourceDate "2024.08.31"]
[SourceVersion "1"]
[SourceVersionDate "2024.08.25"]
[SourceQuality "1"]

1. d4 d5 2. c4 c6 3. Nc3 Nf6 4. e3 e6 5. Nf3 Nbd7 6. Be2 Bd6 7. O-O O-O 8. Qc2 Re8 9. b3 b6 10. Bd3 Bb7 11. Bb2 Rc8 12. Rad1 Qc7 13. e4 dxc4 14. Bxc4 e5 15. Ng5 Re7 16. f4 exd4 17. e5 Bc5 18. Kh1 Nxe5 19. fxe5 Qxe5 20. Nce4 Nxe4 21. Rxf7 Rxf7 22. Bxf7+ Kf8 23. Nxe4 Kxf7 24. b4 Be7 25. Bxd4 Qh5 26. Ng3 Qg6 {(=)} 27. Rf1+ Kg8 28. Qc4+ 1/2-1/2

[Event "Lancaster Open 2nd"]
[Site "Lancaster"]
[Date "2024.08.10"]
[Round "3.2"]
[White "Wall, Tim"]
[Black "McLean, Robert"]
[Result "1-0"]
[WhiteElo "2320"]
[BlackElo "2101"]
[PlyCount "79"]
[EventDate "2024.08.09"]
[EventType "swiss"]
[EventRounds "5"]
[EventCountry "ENG"]
[SourceTitle "BritBase"]
[Source "John Saunders"]
[SourceDate "2024.08.31"]
[SourceVersion "1"]
[SourceVersionDate "2024.08.25"]
[SourceQuality "1"]

1. e4 c6 2. Nc3 d5 3. Qf3 dxe4 4. Nxe4 Nf6 5. Bc4 Nbd7 6. d4 Nb6 7. Bd3 Nxe4 8. Bxe4 Be6 9. Ne2 Bd5 10. O-O e6 11. Nf4 Bd6 12. Re1 Bxf4 13. Bxf4 Bxe4 14. Qxe4 Qd5 15. Qe3 O-O 16. Qg3 f6 17. c3 Rae8 18. h3 Nd7 19. b3 e5 20. dxe5 fxe5 21. Bh6 Rf7 22. Rad1 Qe6 23. Be3 c5 24. Qh4 b6 25. Qa4 Nf8 26. Rd2 Rd7 27. Rxd7 Qxd7 28. Qe4 h6 29. Bf4 Qf7 30. Bg3 Nd7 31. Rd1 Nf6 32. Qc6 e4 33. Bf4 Re6 34. Rd8+ Kh7 35. Qc8 Re8 36. Qf5+ g6 37. Qc8 Qe7 38. Rxe8 Nxe8 39. c4 Ng7 40. Qb8 1-0

[Event "Lancaster Open 2nd"]
[Site "Lancaster"]
[Date "2024.08.10"]
[Round "3.3"]
[White "Seery, Philip T"]
[Black "Arnott, Jonathan"]
[Result "0-1"]
[WhiteElo "1964"]
[BlackElo "2259"]
[PlyCount "132"]
[EventDate "2024.08.09"]
[EventType "swiss"]
[EventRounds "5"]
[EventCountry "ENG"]
[SourceTitle "BritBase"]
[Source "John Saunders"]
[SourceDate "2024.08.31"]
[SourceVersion "1"]
[SourceVersionDate "2024.08.25"]
[SourceQuality "1"]

1. d4 e6 2. c4 f5 3. g3 Nf6 4. Bg2 Be7 5. Nc3 O-O 6. Nf3 Ne4 7. Qc2 Nxc3 8. Qxc3 Bf6 9. O-O c5 10. Be3 Nc6 11. Qd2 cxd4 12. Nxd4 Ne5 13. Rac1 Ng4 14. Rfd1 Nxe3 15. Qxe3 Qb6 16. b3 Qa5 17. Rc2 a6 18. c5 g6 19. Nf3 Qc7 20. b4 d5 21. Ng5 Qe7 22. h4 Bd7 23. Rcd2 Kg7 24. f4 a5 25. b5 Rac8 26. Rc2 h6 27. a4 Rc7 28. Nf3 Rfc8 29. Rdc1 Be8 30. Ne5 g5 31. hxg5 hxg5 32. Qd4 Bxe5 33. Qxe5+ Qf6 34. Qxf6+ Kxf6 35. e3 Bf7 36. Kf2 e5 37. fxg5+ Kxg5 38. c6 b6 39. Rd2 e4 40. Rh1 Kf6 41. Bf1 Rd8 42. Bc4 Ke5 43. Rh7 Rdc8 44. Bb3 Be6 45. Rxc7 Rxc7 46. Rd1 Rh7 47. Kg2 Kd6 48. Rh1 Rxh1 49. Kxh1 Kc5 50. Kg2 Kb4 51. Bd1 d4 52. exd4 Kc3 53. Kf2 Kxd4 54. c7 Bc8 55. Ke2 Ke5 56. Ke3 Kd6 57. Kf4 Kxc7 58. g4 fxg4 59. Kxe4 Kd6 60. Kf4 Kc5 61. Kg3 Kb4 62. Bc2 Be6 63. Bd1 Bb3 64. Bxg4 Bxa4 65. Kf2 Bxb5 66. Ke3 Kc3 0-1

[Event "Lancaster Open 2nd"]
[Site "Lancaster"]
[Date "2024.08.10"]
[Round "3.4"]
[White "Hymer, Barry J"]
[Black "Kershaw, Ewan"]
[Result "1-0"]
[WhiteElo "1996"]
[BlackElo "1950"]
[PlyCount "37"]
[EventDate "2024.08.09"]
[EventType "swiss"]
[EventRounds "5"]
[EventCountry "ENG"]
[SourceTitle "BritBase"]
[Source "John Saunders"]
[SourceDate "2024.08.31"]
[SourceVersion "1"]
[SourceVersionDate "2024.08.25"]
[SourceQuality "1"]

1. d4 Nf6 2. Nc3 d5 3. Bf4 a6 4. e3 c5 5. dxc5 Nc6 6. Nf3 e6 7. Na4 Ne4 8. Bd3 Nxc5 9. Nxc5 Bxc5 10. c3 f6 11. e4 Qb6 12. exd5 exd5 13. O-O Be6 14. b4 Be7 15. Re1 Kf7 16. Bf5 Nd8 17. Nd4 Bxf5 18. Nxf5 Re8 19. Qh5+ 1-0

[Event "Lancaster Open 2nd"]
[Site "Lancaster"]
[Date "2024.08.10"]
[Round "3.5"]
[White "McAtear, Jacob B"]
[Black "Richmond, Frank"]
[Result "1/2-1/2"]
[WhiteElo "2110"]
[BlackElo "1678"]
[PlyCount "43"]
[EventDate "2024.08.09"]
[EventType "swiss"]
[EventRounds "5"]
[EventCountry "ENG"]
[SourceTitle "BritBase"]
[Source "John Saunders"]
[SourceDate "2024.08.31"]
[SourceVersion "1"]
[SourceVersionDate "2024.08.25"]
[SourceQuality "1"]

1. e4 e6 2. d4 d5 3. Bd3 dxe4 4. Bxe4 Nf6 5. Bf3 Be7 6. Ne2 O-O 7. O-O c5 8. Be3 Nd5 9. Bxd5 Qxd5 10. dxc5 Qxd1 11. Rxd1 Na6 12. a3 Nxc5 13. b4 Ne4 14. Nd2 Nxd2 15. Rxd2 e5 16. Rad1 Be6 17. Nc3 a5 18. Rb1 axb4 19. axb4 Rfc8 20. Nd5 Bxd5 21. Rxd5 Rxc2 22. Rxe5 1/2-1/2

[Event "Lancaster Open 2nd"]
[Site "Lancaster"]
[Date "2024.08.10"]
[Round "3.6"]
[White "Hariharan, Shambavi"]
[Black "Daryanto, Ahmad"]
[Result "0-1"]
[WhiteElo "1859"]
[BlackElo "2059"]
[PlyCount "126"]
[EventDate "2024.08.09"]
[EventType "swiss"]
[EventRounds "5"]
[EventCountry "ENG"]
[SourceTitle "BritBase"]
[Source "John Saunders"]
[SourceDate "2024.08.31"]
[SourceVersion "1"]
[SourceVersionDate "2024.08.25"]
[SourceQuality "1"]

1. Nf3 Nf6 2. g3 g6 3. b3 Bg7 4. Bb2 d5 5. d4 O-O 6. Bg2 c6 7. Nbd2 a5 8. O-O a4 9. c4 e6 10. Qc2 Nbd7 11. e4 dxe4 12. Nxe4 Nxe4 13. Qxe4 Qb6 14. Qc2 a3 15. Bc3 Qc7 16. Rad1 Re8 17. Ba1 b6 18. Rfe1 Bb7 19. Ne5 Nxe5 20. dxe5 Red8 21. f4 Bf8 22. Bd4 Rxd4 23. Rxd4 Bc5 24. Qe4 Rd8 25. Red1 Rxd4 26. Rxd4 Qd7 27. Kf1 Qxd4 28. Qxd4 Bxd4 29. Ke2 Kf8 30. h3 Ke7 31. Kd2 Bf2 32. g4 Bg3 33. Ke3 Bh2 34. Be4 Bg1+ 35. Kd3 Kd7 36. h4 Bf2 37. h5 gxh5 38. gxh5 h6 39. Ke2 Bc5 40. Kf3 Kc7 41. Bh7 Kd7 42. Be4 Ba6 43. Ke2 b5 44. Kd3 Bf2 45. Ke2 Bg3 46. Kf3 Bh2 47. Bd3 bxc4 48. bxc4 c5 49. Be2 Bb7+ 50. Ke3 Bc6 51. Bd1 Ke7 52. Bc2 f6 53. exf6+ Kxf6 54. Bd1 Bg1+ 55. Kd3 Kf5 56. Kc3 Bd4+ 57. Kb3 Bb2 58. Be2 Kxf4 59. Kc2 e5 60. Kd2 e4 61. Kc2 Ke3 62. Bf1 Ba4+ 63. Kb1 Kd2 0-1

[Event "Lancaster Open 2nd"]
[Site "Lancaster"]
[Date "2024.08.10"]
[Round "3.7"]
[White "Nastase, Andreea Cristina"]
[Black "Ackley, Peter JE"]
[Result "1/2-1/2"]
[WhiteElo "1855"]
[BlackElo "1951"]
[PlyCount "36"]
[EventDate "2024.08.09"]
[EventType "swiss"]
[EventRounds "5"]
[EventCountry "ENG"]
[SourceTitle "BritBase"]
[Source "John Saunders"]
[SourceDate "2024.08.31"]
[SourceVersion "1"]
[SourceVersionDate "2024.08.25"]
[SourceQuality "1"]

1. d4 d6 2. c4 e5 3. dxe5 dxe5 4. Qxd8+ Kxd8 5. Nf3 f6 6. Nc3 Be6 7. b3 Nd7 8. g3 c6 9. Bg2 a5 10. O-O Kc7 11. Rd1 Ne7 12. Ba3 Ng6 13. Bxf8 Rhxf8 14. Ne1 Nc5 15. Nd3 Nxd3 16. Rxd3 Rfd8 17. Rad1 Rxd3 18. Rxd3 Rd8 1/2-1/2

[Event "Lancaster Open 2nd"]
[Site "Lancaster"]
[Date "2024.08.10"]
[Round "3.8"]
[White "Gillings, Matthew"]
[Black "Wynarczyk, Raymond"]
[Result "1-0"]
[WhiteElo "1760"]
[BlackElo "1863"]
[PlyCount "75"]
[EventDate "2024.08.09"]
[EventType "swiss"]
[EventRounds "5"]
[EventCountry "ENG"]
[SourceTitle "BritBase"]
[Source "John Saunders"]
[SourceDate "2024.08.31"]
[SourceVersion "1"]
[SourceVersionDate "2024.08.25"]
[SourceQuality "1"]

1. c4 e6 2. g3 d5 3. Bg2 Nf6 4. Nf3 c5 5. O-O Nc6 6. Na3 a6 7. d3 Be7 8. b3 O-O 9. Bb2 d4 10. e3 e5 11. exd4 exd4 12. Nc2 Bg4 13. h3 Bh5 14. b4 cxb4 15. g4 Bg6 16. Ncxd4 Qc7 17. Nxc6 bxc6 18. Ne5 Rad8 19. Nxg6 fxg6 20. Qe2 Bc5 21. Qe6+ Kh8 22. Rad1 Rfe8 23. Qxc6 Qxc6 24. Bxc6 Re2 25. d4 Ba7 26. Bc1 Rxa2 27. g5 Nh5 28. Be3 b3 29. Rb1 b2 30. c5 Rf8 31. Bd5 Ra3 32. Rxb2 Ng3 33. fxg3 Rxf1+ 34. Kxf1 Rxe3 35. Rb7 h6 36. Rxa7 Rxg3 37. gxh6 gxh6 38. c6 1-0

[Event "Lancaster Open 2nd"]
[Site "Lancaster"]
[Date "2024.08.10"]
[Round "3.9"]
[White "Cukovs, Oleg"]
[Black "Surtees, Michael"]
[Result "0-1"]
[WhiteElo "1903"]
[BlackElo "2162"]
[PlyCount "82"]
[EventDate "2024.08.09"]
[EventType "swiss"]
[EventRounds "5"]
[EventCountry "ENG"]
[SourceTitle "BritBase"]
[Source "John Saunders"]
[SourceDate "2024.08.31"]
[SourceVersion "1"]
[SourceVersionDate "2024.08.25"]
[SourceQuality "1"]

1. e4 c6 2. d4 d5 3. exd5 cxd5 4. c4 Nf6 5. Nc3 e6 6. Nf3 Bb4 7. Qa4+ Nc6 8. Ne5 Bd7 9. Nxd7 Qxd7 10. Be3 O-O 11. Be2 dxc4 12. a3 Bxc3+ 13. bxc3 Nd5 14. Qxc4 Rac8 15. Qd3 Na5 16. Rc1 Nc4 17. O-O Rc6 18. Bd1 Qc7 19. Bb3 Rc8 20. h3 Ncxe3 21. fxe3 Rxc3 22. Rxc3 Qxc3 23. Qxc3 Rxc3 24. Bxd5 exd5 25. Rf5 Rxa3 26. Rxd5 Kf8 27. Rd7 Rb3 28. Kf2 a5 29. d5 Ke8 30. Rc7 a4 31. d6 a3 32. Re7+ Kd8 33. Rxf7 a2 34. Rf8+ Kd7 35. Ra8 Rb2+ 36. Kf3 Kxd6 37. g3 b5 38. Ke4 b4 39. Kd4 b3 40. e4 Rb1 41. e5+ Kc7 0-1

[Event "Lancaster Open 2nd"]
[Site "Lancaster"]
[Date "2024.08.10"]
[Round "3.10"]
[White "Sykes, Chris"]
[Black "Cook, Michael Antony"]
[Result "1/2-1/2"]
[WhiteElo "1814"]
[BlackElo "1962"]
[PlyCount "78"]
[EventDate "2024.08.09"]
[EventType "swiss"]
[EventRounds "5"]
[EventCountry "ENG"]
[SourceTitle "BritBase"]
[Source "John Saunders"]
[SourceDate "2024.08.31"]
[SourceVersion "1"]
[SourceVersionDate "2024.08.25"]
[SourceQuality "1"]

1. d4 d5 2. Bf4 c5 3. e3 e6 4. Nd2 Bd6 5. Bg3 Nf6 6. c3 O-O 7. Bd3 Nc6 8. Ngf3 b6 9. e4 dxe4 10. Nxe4 Be7 11. Qe2 Bb7 12. dxc5 bxc5 13. Rd1 Qb6 14. O-O Rad8 15. b3 a5 16. Nfg5 g6 17. Nxf6+ Bxf6 18. Ne4 Be7 19. Qe3 Nb8 20. Bf4 Qc6 21. Qg3 Nd7 22. Bc7 Ra8 23. Bd6 Bxd6 24. Qxd6 Qxd6 25. Nxd6 Bc6 26. Be4 Nb8 27. Bxc6 Nxc6 28. Ne4 c4 29. bxc4 Ne5 30. c5 Rac8 31. f4 Nc4 32. Rd4 Ne3 33. Rf3 Nd5 34. c4 Nb4 35. a3 Na6 36. Nf6+ Kg7 37. Nd7 Rfe8 38. c6 Rxc6 39. Ne5 Rc7 1/2-1/2

[Event "Lancaster Open 2nd"]
[Site "Lancaster"]
[Date "2024.08.10"]
[Round "3.11"]
[White "Lampard, Alice"]
[Black "Wilson, Matthew R"]
[Result "1/2-1/2"]
[WhiteElo "1910"]
[BlackElo "1840"]
[PlyCount "79"]
[EventDate "2024.08.09"]
[EventType "swiss"]
[EventRounds "5"]
[EventCountry "ENG"]
[SourceTitle "BritBase"]
[Source "John Saunders"]
[SourceDate "2024.08.31"]
[SourceVersion "1"]
[SourceVersionDate "2024.08.25"]
[SourceQuality "1"]

1. d4 d5 2. c4 e6 3. Nc3 Nf6 4. cxd5 exd5 5. Bg5 c6 6. e3 h6 7. Bf4 Bd6 8. Nf3 Bg4 9. Be2 Bxf4 10. exf4 Bxf3 11. Bxf3 O-O 12. O-O Re8 13. Re1 Rxe1+ 14. Qxe1 Nbd7 15. Qd2 Nf8 16. f5 Qd7 17. g4 Re8 18. Re1 Rxe1+ 19. Qxe1 h5 20. h3 hxg4 21. hxg4 Qe8 22. Qd2 N8d7 23. b3 Nb6 24. Kg2 Nc8 25. Qf4 Qe7 26. Qb8 Qd7 27. g5 Nh7 28. Qf4 f6 29. g6 Ng5 30. Bg4 Qd6 31. Qxd6 Nxd6 32. f3 Kf8 33. Kf2 Ke7 34. Ke3 a6 35. Na4 a5 36. Kd3 Kd7 37. Nc3 Ke7 38. Ne2 b5 39. Nf4 b4 40. Ne2 1/2-1/2

[Event "Lancaster Open 2nd"]
[Site "Lancaster"]
[Date "2024.08.10"]
[Round "3.12"]
[White "Mcmenamin, Danny"]
[Black "Vann, Richard P"]
[Result "1/2-1/2"]
[WhiteElo "1943"]
[BlackElo "1917"]
[PlyCount "27"]
[EventDate "2024.08.09"]
[EventType "swiss"]
[EventRounds "5"]
[EventCountry "ENG"]
[SourceTitle "BritBase"]
[Source "John Saunders"]
[SourceDate "2024.08.31"]
[SourceVersion "1"]
[SourceVersionDate "2024.08.25"]
[SourceQuality "1"]

1. e4 Nf6 2. e5 Nd5 3. c4 Nb6 4. c5 Nd5 5. Bc4 e6 6. Nc3 Nxc3 7. dxc3 Qh4 8. Qe2 Bxc5 9. Nf3 Qh5 10. g4 Qxg4 11. Rg1 Qh5 12. Rg5 Qh3 13. Rg3 Qh5 14. Rg5 1/2-1/2

[Event "Lancaster Open 2nd"]
[Site "Lancaster"]
[Date "2024.08.11"]
[Round "4.1"]
[White "Boswell, Jacob Connor"]
[Black "Wall, Tim"]
[Result "1-0"]
[WhiteElo "2324"]
[BlackElo "2320"]
[PlyCount "59"]
[EventDate "2024.08.09"]
[EventType "swiss"]
[EventRounds "5"]
[EventCountry "ENG"]
[SourceTitle "BritBase"]
[Source "John Saunders"]
[SourceDate "2024.08.31"]
[SourceVersion "1"]
[SourceVersionDate "2024.08.25"]
[SourceQuality "1"]

1. d4 Nf6 2. c4 c5 3. d5 b5 4. cxb5 a6 5. bxa6 e6 6. Nc3 exd5 7. Nxd5 Be7 8. e3 Nxd5 9. Qxd5 Ra7 10. Nf3 O-O 11. Bc4 Nxa6 12. Ne5 Qe8 13. O-O Nb4 14. Qd1 d6 15. Nd3 d5 16. Nxb4 dxc4 17. Nd5 Bd8 18. Qc2 Qe6 19. Nf4 Qe5 20. Rd1 Ba6 21. Bd2 f5 22. Bc3 Qe8 23. Rd5 g5 24. Re5 Re7 25. Rxf5 Rxf5 26. Qxf5 gxf4 27. Qg5+ Qg6 28. Qd5+ Kf8 29. Qxd8+ Re8 30. Qd5 1-0

[Event "Lancaster Open 2nd"]
[Site "Lancaster"]
[Date "2024.08.11"]
[Round "4.2"]
[White "Arnott, Jonathan"]
[Black "Hymer, Barry J"]
[Result "1-0"]
[WhiteElo "2259"]
[BlackElo "1996"]
[PlyCount "67"]
[EventDate "2024.08.09"]
[EventType "swiss"]
[EventRounds "5"]
[EventCountry "ENG"]
[SourceTitle "BritBase"]
[Source "John Saunders"]
[SourceDate "2024.08.31"]
[SourceVersion "1"]
[SourceVersionDate "2024.08.25"]
[SourceQuality "1"]

1. e4 d6 2. d4 Nf6 3. Nc3 e5 4. Nf3 Nbd7 5. g4 Nxg4 6. Rg1 Ngf6 7. Bc4 h6 8. Be3 c6 9. dxe5 dxe5 10. Bb3 Qa5 11. Qd3 b5 12. O-O-O Ba6 13. Nb1 c5 14. Bd5 Rc8 15. Qf1 c4 16. Qh3 Rc7 17. Qg3 c3 18. Nxc3 Rxc3 19. bxc3 Qxc3 20. Rd3 Qa1+ 21. Kd2 Qb2 22. Rb3 Bb4+ 23. Kd1 Nxd5 24. exd5 Qa1+ 25. Ke2 Qxa2 26. Rxb4 Qxc2+ 27. Nd2 g5 28. h4 Qc3 29. Rgb1 Nf6 30. R1b3 Qc7 31. Qf3 Qd6 32. Bc5 Qd8 33. Re3 Nd7 34. Bd6 1-0

[Event "Lancaster Open 2nd"]
[Site "Lancaster"]
[Date "2024.08.11"]
[Round "4.3"]
[White "McLean, Robert"]
[Black "Daryanto, Ahmad"]
[Result "1-0"]
[WhiteElo "2101"]
[BlackElo "2059"]
[PlyCount "108"]
[EventDate "2024.08.09"]
[EventType "swiss"]
[EventRounds "5"]
[EventCountry "ENG"]
[SourceTitle "BritBase"]
[Source "John Saunders"]
[SourceDate "2024.08.31"]
[SourceVersion "1"]
[SourceVersionDate "2024.08.25"]
[SourceQuality "1"]

1. e4 e5 2. Nc3 Nc6 3. g3 Nf6 4. Bg2 d6 5. Nge2 g6 6. O-O Bg7 7. d3 O-O 8. h3 Be6 9. f4 Bc8 10. Be3 h6 11. Qd2 Kh7 12. Rae1 Ng8 13. d4 exd4 14. Nxd4 Nxd4 15. Bxd4 Bxd4+ 16. Qxd4 Qf6 17. Qc4 c6 18. Rd1 Ne7 19. Qd4 Qxd4+ 20. Rxd4 d5 21. exd5 cxd5 22. Nxd5 Nxd5 23. Rxd5 Be6 24. Rd2 h5 25. b3 Rab8 26. c4 b6 27. h4 Rfc8 28. Bd5 Rd8 29. Rfd1 Bg4 30. Re1 Rd7 31. Rd3 Kg7 32. Rde3 Kf8 33. Be4 Be6 34. Kf2 Rbd8 35. Rc1 Rd2+ 36. Re2 a5 37. Rc2 Rxc2 38. Rxc2 a4 39. Ke3 Rc8 40. Kd4 axb3 41. axb3 b5 42. Bd5 Bf5 43. Ra2 bxc4 44. bxc4 Rc7 45. Re2 Bg4 46. Re3 Kg7 47. Kc3 Kf6 48. Kb4 Ra7 49. Kb5 Ra8 50. c5 Rd8 51. Kc6 Bh3 52. Ra3 Rg8 53. Ra7 Kf5 54. Rxf7+ Kg4 1-0

[Event "Lancaster Open 2nd"]
[Site "Lancaster"]
[Date "2024.08.11"]
[Round "4.4"]
[White "Surtees, Michael"]
[Black "Gillings, Matthew"]
[Result "1-0"]
[WhiteElo "2162"]
[BlackElo "1760"]
[PlyCount "55"]
[EventDate "2024.08.09"]
[EventType "swiss"]
[EventRounds "5"]
[EventCountry "ENG"]
[SourceTitle "BritBase"]
[Source "John Saunders"]
[SourceDate "2024.08.31"]
[SourceVersion "1"]
[SourceVersionDate "2024.08.25"]
[SourceQuality "1"]

1. e4 e5 2. d3 Nc6 3. Nf3 Nf6 4. c4 h6 5. h3 Bc5 6. g3 d6 7. Bg2 Be6 8. Nc3 a6 9. Be3 Nd4 10. Bxd4 exd4 11. Ne2 Bb4+ 12. Nd2 c5 13. O-O Bxd2 14. Qxd2 Rb8 15. f4 Qc7 16. g4 Bxg4 17. hxg4 Nxg4 18. Rf3 b5 19. b3 bxc4 20. bxc4 Rb6 21. f5 Qb8 22. Nf4 Rb2 23. Qe1 h5 24. Qg3 Qd8 25. Nd5 O-O 26. f6 g6 27. Bh3 Ne5 28. Rf5 1-0

[Event "Lancaster Open 2nd"]
[Site "Lancaster"]
[Date "2024.08.11"]
[Round "4.5"]
[White "Ackley, Peter JE"]
[Black "McAtear, Jacob B"]
[Result "0-1"]
[WhiteElo "1951"]
[BlackElo "2110"]
[PlyCount "42"]
[EventDate "2024.08.09"]
[EventType "swiss"]
[EventRounds "5"]
[EventCountry "ENG"]
[SourceTitle "BritBase"]
[Source "John Saunders"]
[SourceDate "2024.08.31"]
[SourceVersion "1"]
[SourceVersionDate "2024.08.25"]
[SourceQuality "1"]

1. g3 e5 2. c4 Nf6 3. Bg2 Nc6 4. Nc3 Bc5 5. a3 a5 6. e3 O-O 7. Nge2 Re8 8. d3 d6 9. O-O Bb6 10. b3 Bg4 11. h3 Bf5 12. Bb2 Nd7 13. Nd5 Qc8 14. e4 Be6 15. Kh2 Ba7 16. f4 f5 17. fxe5 Ndxe5 18. d4 Nf7 {(=)} 19. exf5 Bxf5 20. Rxf5 Qxf5 21. Nxc7 Qf2 0-1

[Event "Lancaster Open 2nd"]
[Site "Lancaster"]
[Date "2024.08.11"]
[Round "4.6"]
[White "Richmond, Frank"]
[Black "Seery, Philip T"]
[Result "1/2-1/2"]
[WhiteElo "1678"]
[BlackElo "1964"]
[PlyCount "37"]
[EventDate "2024.08.09"]
[EventType "swiss"]
[EventRounds "5"]
[EventCountry "ENG"]
[SourceTitle "BritBase"]
[Source "John Saunders"]
[SourceDate "2024.08.31"]
[SourceVersion "1"]
[SourceVersionDate "2024.08.25"]
[SourceQuality "1"]

1. e4 d5 2. exd5 Qxd5 3. Nc3 Qa5 4. d4 c6 5. Bd2 Bf5 6. Nf3 e6 7. Bc4 Nd7 8. Qe2 Bb4 9. a3 Ngf6 10. O-O Bxc3 11. Bxc3 Qc7 12. Bd3 Bxd3 13. Qxd3 O-O 14. b4 b5 15. Bd2 Nd5 16. c4 bxc4 17. Qxc4 Qd6 18. Rac1 Rfc8 19. Rfe1 1/2-1/2

[Event "Lancaster Open 2nd"]
[Site "Lancaster"]
[Date "2024.08.11"]
[Round "4.7"]
[White "Kershaw, Ewan"]
[Black "Nastase, Andreea Cristina"]
[Result "1-0"]
[WhiteElo "1950"]
[BlackElo "1855"]
[PlyCount "53"]
[EventDate "2024.08.09"]
[EventType "swiss"]
[EventRounds "5"]
[EventCountry "ENG"]
[SourceTitle "BritBase"]
[Source "John Saunders"]
[SourceDate "2024.08.31"]
[SourceVersion "1"]
[SourceVersionDate "2024.08.25"]
[SourceQuality "1"]

1. c4 c6 2. d4 d5 3. Nf3 Nf6 4. Nc3 e6 5. e3 Nbd7 6. Bd3 dxc4 7. Bxc4 b5 8. Bb3 a6 9. O-O Bb7 10. a3 c5 11. dxc5 Nxc5 12. Bc2 Qc7 13. b4 Ncd7 14. Bb2 Bd6 15. h3 Ne5 16. Nd4 Nc4 17. Qc1 Nxb2 18. Qxb2 O-O 19. Rac1 Qe7 20. Rfd1 Be5 21. Qb1 h6 22. Ne4 Nd5 23. Bb3 Rac8 24. Nc5 Ba8 25. Qd3 Qg5 26. Nf3 Qf6 27. Nd7 1-0

[Event "Lancaster Open 2nd"]
[Site "Lancaster"]
[Date "2024.08.11"]
[Round "4.8"]
[White "Cook, Michael Antony"]
[Black "Hariharan, Shambavi"]
[Result "1-0"]
[WhiteElo "1962"]
[BlackElo "1859"]
[PlyCount "69"]
[EventDate "2024.08.09"]
[EventType "swiss"]
[EventRounds "5"]
[EventCountry "ENG"]
[SourceTitle "BritBase"]
[Source "John Saunders"]
[SourceDate "2024.08.31"]
[SourceVersion "1"]
[SourceVersionDate "2024.08.25"]
[SourceQuality "1"]

1. e4 e5 2. Nf3 Nc6 3. Bb5 a6 4. Ba4 Nf6 5. O-O Nxe4 6. d4 b5 7. Bb3 d5 8. dxe5 Be6 9. c3 Be7 10. Nbd2 Nc5 11. Bc2 Bg4 12. Qe1 Ne6 13. a4 Rb8 14. axb5 axb5 15. Nb3 Bxf3 16. gxf3 Bg5 17. Kh1 Bxc1 18. Rxc1 g6 19. Rd1 Qg5 20. Qe3 Qxe5 21. Qxe5 Nxe5 22. Rxd5 Nxf3 23. Be4 c6 24. Rdd1 Ne5 25. f4 Nc4 {(=)} 26. Bxc6+ Ke7 27. f5 Nd8 28. f6+ Kf8 29. Bxb5 Ne3 30. Rfe1 Ne6 31. Rxe3 Rxb5 32. Ra1 Rb8 33. Nd4 Ke8 34. Ra7 Kd8 35. Rxe6 1-0

[Event "Lancaster Open 2nd"]
[Site "Lancaster"]
[Date "2024.08.11"]
[Round "4.9"]
[White "Vann, Richard P"]
[Black "Sykes, Chris"]
[Result "1/2-1/2"]
[WhiteElo "1917"]
[BlackElo "1714"]
[PlyCount "55"]
[EventDate "2024.08.09"]
[EventType "swiss"]
[EventRounds "5"]
[EventCountry "ENG"]
[SourceTitle "BritBase"]
[Source "John Saunders"]
[SourceDate "2024.08.31"]
[SourceVersion "1"]
[SourceVersionDate "2024.08.25"]
[SourceQuality "1"]

1. d4 d5 2. e3 Bf5 3. c4 c6 4. Nf3 e6 5. Nc3 Nd7 6. Bd3 Bg6 7. O-O Ngf6 8. Bxg6 hxg6 9. h3 dxc4 10. e4 b5 11. d5 b4 12. dxe6 bxc3 13. exd7+ Qxd7 14. Qxd7+ Nxd7 15. bxc3 Bc5 16. e5 Nf8 17. Nd2 Rh4 18. g3 Rxh3 19. Kg2 Rh5 20. Nxc4 O-O-O 21. Bb2 Ne6 22. Rad1 Rdh8 23. Bc1 g5 24. Be3 g4 25. Rh1 Rxh1 26. Rxh1 Rxh1 27. Kxh1 Kd7 28. Kg2 1/2-1/2